Vegetation and land use mapping from satellite imageries - a pilot study in Papua New Guinea

Bibliographic Details
Main Author: BUN
Format: Book
Published: Bangkok : Food and Agriculture Organization of the United Nations , 1986
Series:Field document 14
Subjects:

MARC

LEADER 00000cam a2200000 7i4500
001 0000001649
005 20010905.0
090 0 0 |a 581.9953   |b BUN 1986 
100 1 0 |a BUN   |h Yati A. 
245 1 0 |a Vegetation and land use mapping from satellite imageries - a pilot study in Papua New Guinea   |c by Yati A. Bun 
260 0 0 |a Bangkok :   |b Food and Agriculture Organization of the United Nations ,   |c 1986 
300 |a vii, 23 p. :   |b map ;   |c 30 cm. 
440 0 0 |a Field document 14 
500 0 0 |a Bibliography : p. 21-21 
650 0 0 |a Landsat satellites 
650 0 0 |a Phytogeography   |z Papua New Guinea 
650 0 0 |a Vegetation mapping   |z Papua New Guinea 
998 |a JPSM 
999 |a 0000002935   |b Monograph   |c Open Shelf   |e Default branch